| 000 | 00594nam a22001937a 4500 | ||
|---|---|---|---|
| 999 |
_c21093 _d21093 |
||
| 003 | AR-CdUCM | ||
| 008 | 190319b ||||| |||| 00| 0 spa d | ||
| 040 |
_aMUNICIPALIDAD PROVINCIAL DEL CUSCO _cBIBLIOTECA MUNICIPAL DEL CUSCO |
||
| 082 |
_a808.8 / _bD25 |
||
| 100 |
_aDarío, Rubén _92765 |
||
| 245 | _aAntología poética / | ||
| 260 |
_aLima : _bLa Oveja Negra, _c1982. |
||
| 300 |
_a175 páginas ; _c18.5 cm. |
||
| 440 |
_aHistoria universal de la literatura _n52 _943966 |
||
| 650 |
_aPoesías nicaragüenses _92766 |
||
| 650 |
_aSiglo XIX _9971 |
||
| 942 |
_2ddc _cLIBROS |
||
| 945 | _aafb | ||